Sete Categorias - Ciências II - Statistics

Estatísticas Gerais
  • Esse quiz foi jogado 33 vezes
  • A pontuação média é 5 de 20
Estatísticas das Respostas
Questão Resposta % Correto
Encontrado principalmente na América do Sul, qual é o maior roedor do mundo? Capivara
70%
Quem foi a primeira pessoa a vencer por duas vezes o Prémio Nobel, primeiro da Química e depois da Física, pela descoberta de 2 elementos químicos? Marie Curie
63%
Como se denomina uma partícula infeciosa que apenas se consegue reproduzir dentro de uma célula viva? Vírus
59%
Que espécie de tubarão é o maior peixe do mundo? Tubarão-Baleia
52%
Além da cana-de-açúcar, qual é a outra principal fonte de açúcar natural, isto é, que outra planta detém a maior concentração natural de sacarose? Beterraba-sacarina
37%
Os "cinco grandes" animais nos safaris africanos consistem no elefante africano, rinoceronte negro, leão, leopardo e que outro animal? {Búfalo} Africano
33%
Como se chama a membrana serosa que envolve o coração? Miocárdio
30%
O elemento químico com número atómico 104 foi nomeado em homenagem a que um físico neozelandês? Ernst Rutherford
26%
Acredita-se que à aproximadamente 200 milhões de anos, o supercontinente Pangeia ter-se-á dividido em dois continentes, a Laurásia e que outro? Gondwana
26%
Bolivianita, citrino, jaspe, olho-de-tigre e prásio são variedades de que mineral? Quartzo
19%
Em que região do Sistema Solar podemos encontrar Plutão e Caronte, bem como milhares de outros pequenos corpos celestes? Cintura de Kuiper
15%
Que grandeza é medida em unidades SI como tesla? Fluxo Magnético
15%
Como se chama a curvatura da superfície de um líquido quando colocado num recipiente, devido à tensão superficial? Menisco
15%
Persea americana é o nome científico de que fruto comestível nativo do continente americano? O México tem cerca de um terço da produção mundial deste fruto. Abacate
11%
Dada uma curva, como se chama a linha onde a distância entre a curva e essa linha tende para zero à medida que a(s) coordenada(s) x e/ou y tendem para o infinito? Assimptota
7%
O Uraniborg foi um observatório construído no início do século XVI por que nobre astrónomo dinamarquês do século XVI? Tycho Brahe
7%
Que fenómeno meteorológico deve-se à rotação da Terra ou ao aquecimento diferenciado da Terra pelo Sol? Vento
7%
Como se chama o processo químico de conversão de borracha natural num material mais durável e elástico? Vulcanização
7%
Segundo o modelo de 7 reinos de Cavalier-Smith, em que domínio taxonómico se encontra o reino das plantas? Eukaryota
4%
Quem ganhou o Prémio Nobel da Física de 1970 pelo seu trabalho ligado à magneto-hidrodinâmica e às suas várias aplicações na física de plasmas? Hannes Alfvén
4%
Nenhum quiz correspondente encontrado
Distribuição das Pontuações
Porcentagem de Pessoas com Cada Pontuação
Percentil de Números Respondidos
Sua Pontuação Histórica
Você não jogou esse quiz